000 00457cam a22001337a 4500
008 180718b1960 xxu||||| |||| 00| 0 eng d
082 _aZx52 Ag85/14
100 _aMidoro, Tatsuo
245 _aMarketing of agricultural products in Japan
_cby Tatsuo Midoro
260 _aTokyo
_bAgriculture, Forestry and Fisheries Productivity Conference
_c1960
300 _a104p.
440 _aAgricultural Development Series, 14
650 _aAgricultural Marketing - Japan
999 _c373853
_d373853